[Event "ARM-ch HL 84th"]
[Site "Yerevan"]
[Date "2024.01.17"]
[Round "6"]
[White "Chaqryan, Erik"]
[Black "Harutyunian, Tigran K"]
[Result "1/2-1/2"]
[WhiteElo "2308"]
[BlackElo "2523"]
[PlyCount "104"]
[EventDate "2024.01.12"]
[EventType "tourn"]
[EventRounds "9"]
[EventCountry "ARM"]
[EventCategory "10"]
[SourceTitle "CB04_2024"]
[SourceDate "2023.10.16"]
[SourceVersion "1"]
[SourceVersionDate "2023.10.16"]
[SourceQuality "1"]

1. d4 Nf6 2. c4 e6 3. Nf3 b6 4. g3 Ba6 5. Nbd2 c5 6. Bg2 Bb7 7. 0-0 cxd4 8. Nb3 Nc6 9. Nfxd4 Be7 10. Nb5 0-0 11. Bf4 Ne8 12. Nd6 Nxd6 13. Bxd6 Rc8 14. Rc1 Ba6 15. Qd2 Bxd6 16. Qxd6 Qe7 17. Rfd1 Rfd8 18. f4 Qxd6 19. Rxd6 Kf8 20. Kf2 Ke7 21. Rdd1 d6 22. Bf1 Rc7 23. e3 Nb8 24. Rd2 f5 25. Rdc2 Rdc8 26. Nd4 g6 27. a4 e5 28. Nb5 Bxb5 29. axb5 Nd7 30. b3 Nf6 31. fxe5 dxe5 32. Be2 Ne4+ 33. Ke1 Nd6 34. Kd2 h5 35. b4 g5 36. Kd1 Rb8 37. Rb2 h4 38. gxh4 gxh4 39. c5 Nb7 40. Rbc2 Rbc8 41. c6 Nd6 42. Ra2 Rg8 43. Rca1 Rg1+ 44. Kc2 Rg2 45. Kb3 Rxh2 46. Rxa7 Rxa7 47. Rxa7+ Ke6 48. Bc4+ Nxc4 49. Kxc4 f4 50. exf4 exf4 51. Rh7 Rh1 52. Kd3 h3 1/2-1/2

[Event "Wch Blitz"]
[Site "Samarkand"]
[Date "2023.12.30"]
[Round "19"]
[White "Harutyunian, Tigran K"]
[Black "Bogdan, David"]
[Result "1-0"]
[WhiteElo "2519"]
[BlackElo "1671"]
[PlyCount "64"]
[EventDate "2023.12.29"]
[EventType "swiss (blitz)"]
[EventRounds "21"]
[EventCountry "UZB"]
[SourceTitle "CB01_2024"]
[SourceDate "2024.01.03"]
[SourceVersion "1"]
[SourceVersionDate "2024.01.03"]
[SourceQuality "1"]

1. c4 e5 2. Nc3 Nf6 3. Nf3 Nc6 4. e4 Bc5 5. Nxe5 Nxe5 6. d4 Bxd4 7. Qxd4 Nc6 8. Qd2 0-0 9. Be2 Re8 10. f3 d6 11. 0-0 Be6 12. b3 a6 13. Bb2 Ne5 14. Nd5 Bxd5 15. cxd5 Qd7 16. Rac1 Rac8 17. Qg5 Qe7 18. Qd2 h6 19. Rfe1 Qd7 20. Bf1 Qe7 21. f4 Ng6 22. e5 dxe5 23. fxe5 Ng4 24. d6 Qd7 25. Qa5 cxd6 26. Rxc8 Rxc8 27. e6 fxe6 28. Qh5 Qc7 29. Qxg4 Qb6+ 30. Bd4 Qd8 31. Qxg6 e5 32. Be3 Rc2 1-0

[Event "Wch Blitz"]
[Site "Samarkand"]
[Date "2023.12.29"]
[Round "4"]
[White "Harutyunian, Tigran K"]
[Black "Asadli, Vugar Afgan Oglu"]
[Result "1-0"]
[WhiteElo "2519"]
[BlackElo "2562"]
[PlyCount "101"]
[EventDate "2023.12.29"]
[EventType "swiss (blitz)"]
[EventRounds "21"]
[EventCountry "UZB"]
[SourceTitle "CB01_2024"]
[SourceDate "2024.01.03"]
[SourceVersion "1"]
[SourceVersionDate "2024.01.03"]
[SourceQuality "1"]

1. d4 Nf6 2. Nf3 g6 3. Nc3 Bg7 4. e4 d6 5. Bb5+ c6 6. Ba4 0-0 7. Bb3 a5 8. a4 Na6 9. 0-0 Nb4 10. h3 Qc7 11. e5 dxe5 12. dxe5 Nfd5 13. Ne4 Bxe5 14. c3 Na6 15. Nxe5 Qxe5 16. Re1 Bf5 17. Ng3 Qf6 18. Bxd5 cxd5 19. Qxd5 Be6 20. Qxa5 Rfc8 21. Bg5 Qg7 22. Bxe7 Nc5 23. Qb5 Bd7 24. Qe2 Re8 25. Qc4 Ne6 26. Bd6 Bc6 27. Be5 Qh6 28. b4 Rac8 29. Ne4 Bxe4 30. Qxe4 Qh5 31. Qg4 Qh6 32. a5 Rc6 33. b5 Rc5 34. a6 Rxb5 35. a7 Ra8 36. Bb8 Rg5 37. Qf3 Rb5 38. Rad1 Qh4 39. Rd7 Rf5 40. Qg3 Qxg3 41. fxg3 Rb5 42. c4 Rb4 43. c5 h5 44. Rf1 f5 45. Re1 Re4 46. Rxe4 fxe4 47. Rxb7 Nxc5 48. Rc7 Na6 49. Rc8+ Kf7 50. Kf2 Ke6 51. Rc6+ 1-0

[Event "Wch Blitz"]
[Site "Samarkand"]
[Date "2023.12.29"]
[Round "8"]
[White "Harutyunian, Tigran K"]
[Black "Orozbaev, Eldiar"]
[Result "0-1"]
[WhiteElo "2519"]
[BlackElo "2305"]
[PlyCount "58"]
[EventDate "2023.12.29"]
[EventType "swiss (blitz)"]
[EventRounds "21"]
[EventCountry "UZB"]
[SourceTitle "CB01_2024"]
[SourceDate "2024.01.03"]
[SourceVersion "1"]
[SourceVersionDate "2024.01.03"]
[SourceQuality "1"]

1. c4 c5 2. Nf3 Nc6 3. Nc3 g6 4. e3 Bg7 5. d4 d6 6. d5 Ne5 7. Nxe5 Bxe5 8. Bd3 f5 9. 0-0 Nf6 10. Ne2 Nd7 11. f4 Bg7 12. e4 fxe4 13. Bxe4 Nf6 14. Bd3 0-0 15. Ng3 e6 16. dxe6 Bxe6 17. f5 Bd7 18. fxg6 Ng4 19. gxh7+ Kh8 20. Rxf8+ Qxf8 21. Ne4 Re8 22. h3 Bd4+ 23. Kh1 Rxe4 24. hxg4 Rxg4 25. Qe1 Bf2 26. Qc3+ Bd4 27. Qe1 Bc6 28. Be3 Bxg2+ 29. Kh2 Be5+ 0-1

[Event "Wch Rapid"]
[Site "Samarkand"]
[Date "2023.12.28"]
[Round "10"]
[White "Harutyunian, Tigran K"]
[Black "Markov, Mikhail2"]
[Result "0-1"]
[WhiteElo "2519"]
[BlackElo "2283"]
[PlyCount "98"]
[EventDate "2023.12.26"]
[EventType "swiss (rapid)"]
[EventRounds "13"]
[EventCountry "UZB"]
[SourceTitle "CB01_2024"]
[SourceDate "2024.01.03"]
[SourceVersion "1"]
[SourceVersionDate "2024.01.03"]
[SourceQuality "1"]

1. Nf3 Nf6 2. g3 d5 3. Bg2 e6 4. c4 Be7 5. d4 0-0 6. Nc3 Nbd7 7. 0-0 dxc4 8. Qc2 c6 9. a4 Nd5 10. Nd2 Nb4 11. Qd1 e5 12. e3 exd4 13. exd4 Nf6 14. Nxc4 Bf5 15. Ne3 Bd3 16. Re1 Re8 17. d5 Bc5 18. dxc6 bxc6 19. Qf3 Qc7 20. Rd1 Rad8 21. Bd2 Nc2 22. Rac1 Nd4 23. Qf4 Qxf4 24. gxf4 Nb3 25. Bxc6 Re6 26. Bf3 Red6 27. Be1 Nxc1 28. Rxc1 Bb6 29. Nb5 Re6 30. Kg2 a6 31. Nc7 Red6 32. a5 Bd4 33. b4 Rc8 34. Bb7 Bxe3 35. fxe3 Be4+ 36. Bxe4 Nxe4 37. Rc4 f5 38. b5 axb5 39. Rxe4 fxe4 40. Nxb5 Rc2+ 41. Kh3 Rd1 42. Bg3 Rc5 43. Nd4 Rxa5 44. Ne6 h6 45. Kg4 Kf7 46. f5 g6 47. Nd4 gxf5+ 48. Nxf5 h5+ 49. Kg5 Ke6 0-1

[Event "Wch Rapid"]
[Site "Samarkand"]
[Date "2023.12.28"]
[Round "11"]
[White "Rakhmatullaev, Almas"]
[Black "Harutyunian, Tigran K"]
[Result "1-0"]
[WhiteElo "2383"]
[BlackElo "2519"]
[PlyCount "79"]
[EventDate "2023.12.26"]
[EventType "swiss (rapid)"]
[EventRounds "13"]
[EventCountry "UZB"]
[SourceTitle "CB01_2024"]
[SourceDate "2024.01.03"]
[SourceVersion "1"]
[SourceVersionDate "2024.01.03"]
[SourceQuality "1"]

1. e4 c5 2. Nf3 e6 3. g3 Nc6 4. Bg2 Nf6 5. Qe2 e5 6. 0-0 Be7 7. c3 0-0 8. Rd1 Re8 9. Na3 Bf8 10. d3 h6 11. Nc4 d5 12. exd5 Nxd5 13. h3 Bf5 14. Ne3 Nxe3 15. Bxe3 Qd7 16. g4 Bh7 17. g5 Rad8 18. gxh6 Bxd3 19. Qd2 e4 20. hxg7 Bxg7 21. Ne1 Re6 22. Nxd3 exd3 23. Kh2 Ne5 24. b3 Rg6 25. f4 Nc6 26. Be4 f5 27. Qxd3 Qe7 28. Bd5+ Kh8 29. Qxf5 Rf6 30. Qh5+ Rh6 31. Qf3 Re8 32. Re1 Qf8 33. Bxc5 Ne7 34. Re6 Rxe6 35. Bxe6 b6 36. Qh5+ Bh6 37. Bd4+ Kh7 38. f5 Ra8 39. Rg1 Qb8+ 40. Rg3 1-0

[Event "Wch Rapid"]
[Site "Samarkand"]
[Date "2023.12.27"]
[Round "6"]
[White "Harutyunian, Tigran K"]
[Black "Ilkhomi, Jaloliddin"]
[Result "1-0"]
[WhiteElo "2519"]
[BlackElo "2222"]
[PlyCount "153"]
[EventDate "2023.12.26"]
[EventType "swiss (rapid)"]
[EventRounds "13"]
[EventCountry "UZB"]
[SourceTitle "CB01_2024"]
[SourceDate "2024.01.03"]
[SourceVersion "1"]
[SourceVersionDate "2024.01.03"]
[SourceQuality "1"]

1. Nf3 Nf6 2. c4 e6 3. g3 b6 4. Bg2 Bb7 5. 0-0 Be7 6. d4 0-0 7. Qc2 c5 8. dxc5 bxc5 9. Rd1 Nc6 10. Nc3 Qb6 11. Bf4 d5 12. cxd5 Nb4 13. Qc1 Nbxd5 14. Bd2 Rfd8 15. b3 Rac8 16. Ne5 Nxc3 17. Bxc3 Bxg2 18. Kxg2 Qb7+ 19. f3 Rxd1 20. Qxd1 Nd5 21. Qd2 Bf6 22. Bb2 Rd8 23. Nc4 Nb6 24. Qf4 Bxb2 25. Nxb2 Qa6 26. Kf2 h6 27. Nd3 Nd5 28. Qh4 Qb6 29. Qc4 Nb4 30. Nb2 Rd4 31. Qc1 c4 32. Na4 Qc6 33. Qc3 Qd6 34. bxc4 Nc6 35. Rc1 Qe5 36. Qe3 Qa5 37. Qb3 Qd2 38. Rb1 Rd8 39. Qb2 Qa5 40. Qb5 Qc7 41. Qc5 Qd7 42. Nc3 Rc8 43. Ne4 Qc7 44. Qd6 Ne5 45. c5 Nd7 46. Qxc7 Rxc7 47. c6 Rxc6 48. Rb7 Nc5 49. Nxc5 Rxc5 50. Rxa7 Rc2 51. Ke3 g5 52. a4 Ra2 53. a5 Kg7 54. a6 Ra3+ 55. Kf2 Kf6 56. h4 gxh4 57. gxh4 Kg7 58. Kg3 Kf6 59. e4 Ra5 60. Ra8 Kg7 61. Kf4 Kf6 62. Ke3 Ra4 63. Ra7 Ra3+ 64. Kf4 Ra4 65. h5 Ra5 66. e5+ Kg7 67. Ke4 Ra4+ 68. Ke3 Ra3+ 69. Kd4 Ra4+ 70. Kc5 Ra5+ 71. Kb4 Rxe5 72. Rc7 Re1 73. a7 Ra1 74. Kb5 Kf6 75. Kb6 Kg5 76. Rc5+ f5 77. Ra5 1-0

[Event "Wch Rapid"]
[Site "Samarkand"]
[Date "2023.12.26"]
[Round "2"]
[White "Bogdan, David"]
[Black "Harutyunian, Tigran K"]
[Result "0-1"]
[WhiteElo "1671"]
[BlackElo "2519"]
[PlyCount "154"]
[EventDate "2023.12.26"]
[EventType "swiss (rapid)"]
[EventRounds "13"]
[EventCountry "UZB"]
[SourceTitle "CB01_2024"]
[SourceDate "2024.01.03"]
[SourceVersion "1"]
[SourceVersionDate "2024.01.03"]
[SourceQuality "1"]

1. c4 e6 2. Nf3 d5 3. b3 Nf6 4. Bb2 b6 5. g3 Bb7 6. Bg2 Be7 7. 0-0 0-0 8. d3 c5 9. e3 Nc6 10. Nbd2 Qc7 11. a3 Rfd8 12. Qc2 e5 13. Rfd1 Bf8 14. Rac1 dxc4 15. dxc4 Re8 16. Ng5 h6 17. Nge4 Nxe4 18. Nxe4 f5 19. Nc3 e4 20. Nd5 Qf7 21. Rd2 Ne5 22. Bxe5 Rxe5 23. Rcd1 Rae8 24. Nc3 Bc6 25. Bf1 g5 26. Nb5 Qg7 27. Rd8 a6 28. Rxe8 Rxe8 29. Nd6 Re5 30. b4 Qf6 31. b5 Ba8 32. Qd2 a5 33. Nc8 Bb7 34. Qd8 Qxd8 35. Rxd8 Re6 36. a4 Bxc8 37. Rxc8 Kf7 38. Rd8 Be7 39. Rd5 Rf6 40. Bg2 Bd6 41. Kf1 f4 42. exf4 gxf4 43. Ke1 e3 44. fxe3 fxg3 45. hxg3 Bxg3+ 46. Kd1 Rf2 47. Rd2 Rf6 48. Rd5 Ke7 49. Bh3 Bd6 50. Bf5 h5 51. e4 Ke8 52. Ke2 h4 53. Rd1 Rh6 54. Rh1 Bg3 55. Bh3 Be5 56. Bf5 Ke7 57. Rh3 Bg3 58. Rh1 Kf6 59. Kf3 Kg5 60. Rd1 Be5 61. Rg1+ Kf6 62. Rh1 Rh8 63. Rg1 h3 64. Rg6+ Kf7 65. Rg1 h2 66. Rh1 Rd8 67. Ke3 Rd4 68. Bg4 Rxc4 69. Bd1 Rc3+ 70. Kd2 Ra3 71. Bc2 c4 72. Ke2 Ke7 73. Kd2 Kd6 74. Ke2 Kc5 75. Rd1 Bd4 76. e5 Re3+ 77. Kd2 Rxe5 0-1

[Event "Wch Rapid"]
[Site "Samarkand"]
[Date "2023.12.26"]
[Round "5"]
[White "Chinguun, Sumiya"]
[Black "Harutyunian, Tigran K"]
[Result "1-0"]
[WhiteElo "2319"]
[BlackElo "2519"]
[PlyCount "73"]
[EventDate "2023.12.26"]
[EventType "swiss (rapid)"]
[EventRounds "13"]
[EventCountry "UZB"]
[SourceTitle "CB01_2024"]
[SourceDate "2024.01.03"]
[SourceVersion "1"]
[SourceVersionDate "2024.01.03"]
[SourceQuality "1"]

1. e4 e5 2. Nf3 Nc6 3. Bc4 Bc5 4. 0-0 Nf6 5. d3 d6 6. c3 a5 7. a4 0-0 8. Bg5 Ba7 9. Nbd2 h6 10. Bh4 g5 11. Bg3 Nh7 12. Bb5 Ne7 13. d4 f6 14. Bd3 Ng6 15. Nc4 h5 16. h4 g4 17. Ne1 f5 18. exf5 Bxf5 19. Bxf5 Rxf5 20. Qd3 Qf8 21. dxe5 dxe5 22. Qd5+ Qf7 23. Qxb7 Rf8 24. Nxe5 Nxe5 25. Qxa7 Nf6 26. Qd4 c5 27. Qe3 Nc4 28. Qd3 Nd7 29. b3 Nce5 30. Qc2 c4 31. bxc4 Qxc4 32. Rd1 Nc5 33. Bxe5 Rxe5 34. Qg6+ Kh8 35. Nd3 Nxd3 36. Rxd3 Qf4 37. Rd7 1-0

[Event "Wch Rapid"]
[Site "Samarkand"]
[Date "2023.12.26"]
[Round "3"]
[White "Harutyunian, Tigran K"]
[Black "Praggnanandhaa, Rameshbabu"]
[Result "0-1"]
[WhiteElo "2519"]
[BlackElo "2740"]
[PlyCount "40"]
[EventDate "2023.12.26"]
[EventType "swiss (rapid)"]
[EventRounds "13"]
[EventCountry "UZB"]
[SourceTitle "CB01_2024"]
[SourceDate "2024.01.03"]
[SourceVersion "1"]
[SourceVersionDate "2024.01.03"]
[SourceQuality "1"]

1. d4 Nf6 2. Nf3 d5 3. c4 e6 4. g3 Bb4+ 5. Nc3 dxc4 6. Bg2 Nc6 7. 0-0 0-0 8. Re1 Nd5 9. Bg5 Be7 10. Bxe7 Qxe7 11. e4 Nxc3 12. bxc3 e5 13. Qa4 exd4 14. cxd4 Bg4 15. d5 Nb4 16. Rab1 a5 17. Qb5 Bxf3 18. Bxf3 Nc2 19. Qxc4 Nxe1 20. Rxe1 c6 0-1

[Event "Tsaghkadzor op"]
[Site "Tsaghkadzor"]
[Date "2023.09.27"]
[Round "9"]
[White "Hayrapetyan, Hovik"]
[Black "Harutyunian, Tigran K"]
[Result "1/2-1/2"]
[WhiteElo "2444"]
[BlackElo "2524"]
[PlyCount "175"]
[EventDate "2023.09.20"]
[EventType "swiss"]
[EventRounds "9"]
[EventCountry "ARM"]
[SourceTitle "EXT 2024"]
[Source "ChessBase"]
[SourceDate "2023.10.10"]
[SourceVersion "1"]
[SourceVersionDate "2023.10.10"]
[SourceQuality "1"]

1. d4 Nf6 2. c4 e6 3. Nc3 d5 4. Nf3 dxc4 5. e4 Bb4 6. Bxc4 Nxe4 7. 0-0 Nf6 8. Qa4+ Nc6 9. Bg5 0-0 10. d5 exd5 11. Nxd5 Be7 12. Nxe7+ Qxe7 13. Rfe1 Qb4 14. Qxb4 Nxb4 15. Bxf6 gxf6 16. Re7 Be6 17. Bxe6 fxe6 18. Rxc7 Rf7 19. Rc4 Nd5 20. g3 Rd7 21. Re1 Re8 22. Kg2 Kf7 23. Ra4 a6 24. Rh4 Kg8 25. Re2 Nc7 26. Nd4 Rd5 27. Rc2 Re7 28. Rg4+ Kf7 29. Rh4 Kg8 30. Ne2 e5 31. Nc3 Rd4 32. Ne4 Kg7 33. Rg4+ Kf7 34. Rh4 h5 35. Rd2 Rxd2 36. Nxd2 Rd7 37. Nb3 Kg6 38. Rc4 Ne6 39. Rc8 e4 40. Re8 Rd6 41. Kf1 f5 42. Ke2 Kf6 43. Rc8 h4 44. Rh8 hxg3 45. hxg3 Rc6 46. Ke3 Rd6 47. Ke2 b6 48. Rh1 f4 49. Rd1 f3+ 50. Ke1 Rc6 51. Nd4 Nxd4 52. Rxd4 Ke5 53. Rd8 Rc1+ 54. Rd1 Rc8 55. Rd7 Rh8 56. Kd2 Rh1 57. Re7+ Kf5 58. Rf7+ Ke6 59. Rf4 Ke5 60. Rf8 Rf1 61. Re8+ Kf5 62. Ke3 Re1+ 63. Kd4 Rd1+ 64. Kc3 Rf1 65. Kd4 Rd1+ 66. Kc3 Re1 67. Kd4 Re2 68. Re5+ Kg4 69. Rxe4+ Kh3 70. g4 Rxf2 71. g5 Rg2 72. Ke3 Rxg5 73. Kxf3 Rg3+ 74. Kf4 Rg2 75. Re3+ Kh4 76. Rb3 b5 77. Ke4 Kg4 78. Kd4 Rc2 79. Kd3 Rc6 80. Rc3 Rd6+ 81. Kc2 Kf4 82. Kb3 Ke5 83. Kb4 Rd2 84. Rb3 Ke6 85. Ka5 Rd6 86. Rh3 Rd2 87. Re3+ Kd7 88. Rb3 1/2-1/2

[Event "ARM-ch HL 83rd"]
[Site "Yerevan"]
[Date "2023.01.18"]
[Round "6"]
[White "Harutyunian, Tigran K"]
[Black "Andriasian, Zaven"]
[Result "1-0"]
[WhiteElo "2511"]
[BlackElo "2580"]
[PlyCount "99"]
[EventDate "2023.01.13"]
[EventType "tourn"]
[EventRounds "9"]
[EventCountry "ARM"]
[EventCategory "12"]
[SourceTitle "CBM 212 Extra"]
[Source "ChessBase"]
[SourceDate "2023.03.31"]
[SourceVersion "1"]
[SourceVersionDate "2023.03.31"]
[SourceQuality "1"]

1. d4 d5 2. Nf3 Nf6 3. c4 c6 4. Nc3 dxc4 5. a4 Bf5 6. Ne5 Nbd7 7. Nxc4 Qc7 8. g3 e5 9. dxe5 Nxe5 10. Bf4 Nfd7 11. Bg2 g5 12. Ne3 gxf4 13. Nxf5 0-0-0 14. Qc2 Nc5 15. 0-0 fxg3 16. hxg3 a5 17. Rad1 h5 18. Rxd8+ Qxd8 19. Rb1 Qb6 20. Rd1 Kb8 21. e3 Qc7 22. Ne4 Nxe4 23. Qxe4 Bb4 24. Qh4 Ng6 25. Qf6 Re8 26. Bf3 Rh8 27. Kg2 h4 28. Rh1 Rd8 29. Nxh4 Be7 30. Qxf7 Nxh4+ 31. gxh4 Rd2 32. Qe6 Bc5 33. h5 Qg7+ 34. Bg4 Qxb2 35. Rf1 Ka7 36. h6 Rd6 37. Qf5 Bxe3 38. Qxa5+ Kb8 39. h7 Bd4 40. Qf5 Rd5 41. Qf4+ Ka7 42. Re1 Rg5 43. Kh3 Rg6 44. Re8 Qc3+ 45. f3 Bh8 46. a5 Rf6 47. Qb8+ Ka6 48. Qa8+ Kb5 49. Qxb7+ Ka4 50. Re4+ 1-0

[Event "ARM-ch HL 83rd"]
[Site "Yerevan"]
[Date "2023.01.14"]
[Round "2"]
[White "Ter Sahakyan, Samvel"]
[Black "Harutyunian, Tigran K"]
[Result "1-0"]
[WhiteElo "2605"]
[BlackElo "2511"]
[PlyCount "75"]
[EventDate "2023.01.13"]
[EventType "tourn"]
[EventRounds "9"]
[EventCountry "ARM"]
[EventCategory "12"]
[SourceTitle "CBM 212 Extra"]
[Source "ChessBase"]
[SourceDate "2023.03.31"]
[SourceVersion "1"]
[SourceVersionDate "2023.03.31"]
[SourceQuality "1"]

1. e4 e5 2. Nf3 Nc6 3. Bc4 Bc5 4. c3 Nf6 5. d3 h6 6. 0-0 d6 7. Re1 0-0 8. h3 a5 9. d4 Ba7 10. Bb3 Re8 11. Bc2 d5 12. exd5 Qxd5 13. Bb3 Qd6 14. Na3 exd4 15. Nb5 Qd7 16. Rxe8+ Nxe8 17. Nxa7 Rxa7 18. cxd4 Nd6 19. Bf4 Ne7 20. a4 Qd8 21. Rc1 Bf5 22. Ne5 c6 23. Qf3 Be6 24. Nxf7 Bxf7 25. Bxd6 Bxb3 26. Qxb3+ Nd5 27. Be5 Qd7 28. Rc3 b6 29. Rg3 Qf5 30. Qc4 Rf7 31. Qxc6 Qxf2+ 32. Kh2 Ne7 33. Qe8+ Kh7 34. Bxg7 Ng6 35. Be5 h5 36. Qe6 Nh4 37. Qd5 Qf5 38. Rg5 1-0

[Event "Wch Blitz"]
[Site "Almaty"]
[Date "2022.12.29"]
[Round "5"]
[White "Harutyunian, Tigran K"]
[Black "Mamedov, Edgar"]
[Result "0-1"]
[WhiteElo "2426"]
[BlackElo "2034"]
[PlyCount "108"]
[EventDate "2022.12.29"]
[EventType "swiss (blitz)"]
[EventRounds "21"]
[EventCountry "KAZ"]
[SourceTitle "CBM 212"]
[Source "ChessBase"]
[SourceDate "2023.02.28"]
[SourceVersion "1"]
[SourceVersionDate "2023.02.28"]
[SourceQuality "1"]

1. c4 c6 2. Nf3 d5 3. g3 Nf6 4. Bg2 Bf5 5. cxd5 cxd5 6. Qb3 Qb6 7. Qxb6 axb6 8. Nc3 Nc6 9. d3 e6 10. 0-0 Bc5 11. Bg5 0-0 12. a3 Nd4 13. Nh4 Bg4 14. Rae1 Nc2 15. Rc1 Nd4 16. Rfe1 Nd7 17. h3 Bh5 18. g4 Bg6 19. Nxg6 fxg6 20. Bh4 Bd6 21. f3 Nb3 22. Rcd1 Bc5+ 23. e3 d4 24. Ne4 dxe3 25. Nxc5 bxc5 26. Rxe3 Nd4 27. Bg3 b6 28. Rc1 Nf6 29. Be5 Nd5 30. Bxd4 cxd4 31. Rxe6 Rac8 32. Ree1 Nf4 33. Bf1 Nd5 34. Kf2 Ne3 35. Ke2 g5 36. Kf2 g6 37. Be2 Kg7 38. b4 b5 39. Rc5 Rxc5 40. bxc5 Rc8 41. Rc1 Kf6 42. c6 Ke7 43. Rc5 Kd6 44. Rxb5 Rxc6 45. Rb4 Ke5 46. a4 Rc2 47. a5 Ra2 48. Rb5+ Kf4 49. Ke1 Kg3 50. Rxg5 Ng2+ 51. Kd1 Kf2 52. Rd5 Ne3+ 53. Kc1 Nxd5 54. Bd1 Rxa5 0-1

[Event "Wch Rapid"]
[Site "Almaty"]
[Date "2022.12.28"]
[Round "12"]
[White "Harutyunian, Tigran K"]
[Black "Petrosian, Tigran L"]
[Result "0-1"]
[WhiteElo "2441"]
[BlackElo "2623"]
[PlyCount "86"]
[EventDate "2022.12.26"]
[EventType "swiss (rapid)"]
[EventRounds "13"]
[EventCountry "KAZ"]
[SourceTitle "CBM 212"]
[Source "ChessBase"]
[SourceDate "2023.02.28"]
[SourceVersion "1"]
[SourceVersionDate "2023.02.28"]
[SourceQuality "1"]

1. d4 d6 2. Nf3 Bg4 3. e3 Nf6 4. Be2 Nbd7 5. 0-0 e5 6. c4 Be7 7. Nc3 0-0 8. h3 Bh5 9. b4 Re8 10. Bb2 Bf8 11. dxe5 dxe5 12. c5 c6 13. Nd2 Bxe2 14. Qxe2 a5 15. a3 b6 16. cxb6 axb4 17. axb4 Qxb6 18. Ba3 Bxb4 19. Rfb1 c5 20. Bxb4 Rxa1 21. Rxa1 cxb4 22. Rb1 Rb8 23. Na2 Qa5 24. Nb3 Qd5 25. Nbc1 b3 26. Nc3 Qe6 27. Qb2 Nc5 28. Qa3 Qc4 29. N1e2 h6 30. Qa7 Rd8 31. Qc7 Re8 32. Qc6 Re6 33. Qc8+ Re8 34. Qc6 Re6 35. Qc8+ Kh7 36. Kh2 Nfe4 37. Nxe4 Qxe4 38. Rb2 Nd3 39. Rxb3 Ne1 40. f3 Nxf3+ 41. gxf3 Qxf3 42. Ng1 Qf2+ 43. Kh1 Rg6 0-1